Statistics for 20 Most Populated U.S States

Click here to take the quiz!

General Stats

  • This quiz has been taken 91 times
  • The average score is 18 of 20

Answer Stats

RankPopulationAnswer% Correct
419MNew York
100%
228MTexas
100%
139MCalifornia
99%
321MFlorida
99%
810MGeorgia
96%
910MNorth Carolina
96%
612MIllinois
95%
109MMichigan
95%
711MOhio
93%
512MPennsylvania
93%
128MVirginia
92%
156MMassachusetts
91%
137MWashington
91%
147MArizona
89%
166MTennessee
87%
118MNew Jersey
86%
176MIndiana
82%
196MMaryland
76%
186MMissouri
76%
205MWisconsin
64%

Score Distribution

Percentile by Number Answered

Percent of People with Each Score

Your Score History

You have not taken this quiz